LEADER 02557nam2 2200505 i 450 001 TO00300567 005 20251003044404.0 010 $a8815041923 100 $a19931104d1993 ||||0itac50 ba 101 | $aita 102 $ait 181 1$6z01$ai $bxxxe 182 1$6z01$an 200 1 $aˆLa ‰crescita ineguale: 1981-1991$eprimo rapporto sulla distribuzione e sulla redistribuzione$fCNEL$ga cura di Nicola Rossi$gintroduzione di Stefano Patriarca 210 $aBologna$cIl mulino$d\1993! 215 $a342 p.$d21 cm. 225 | $aStudi e ricerche$v325 311 $a1(1981-1991)$9MIL0178559 410 1$1001CFI0001423$12001 $aStudi e ricerche$v325 461 0$1001MIL0178559$12001 $aˆ... ‰Rapporto CNEL sulla distribuzione e redistribuzione del reddito in Italia$fa cura di Nicola Rossi 676 $a339.2$9$v12 676 $a339.209450928$9DISTRIBUZIONE DEL REDDITO E DELLA RICCHEZZA. ITALIA. 1981-1989.$v21 676 $a339.220945$9DISTRIBUZIONE PERSONALE DEL REDDITO E DELLA RICCHEZZA. ITALIA$v20 676 $a339.220945$9DISTRIBUZIONE PERSONALE DEL REDDITO E DELLA RICCHEZZA. Italia$v21 686 $aIT/4430.6$cDISTRIBUZIONE DEL REDDITO ITALIA 1968-1989$2R 686 $aIT/4435.4$cSISTEMA TRIBUTARIO IMPOSTE TASSE ITALIA 1968-1989$2R 686 $aIT/4436.0$cLAVORO SINDACATI DEI LAVORATORI ITALIA 1968-1989$2R 702 1$aPatriarca$b, Stefano$3CFIV012631 702 1$aRossi$b, Nicola$3CFIV087714 710 02$aCNEL$3CFIV004803$4070$0353588 791 02$aConseil national de l'économie et du travail$3CFIV134009$zCNEL 791 02$aEconomy and labour national council$3CFIV134731$zCNEL 791 02$aItalia$b : Consiglio nazionale dell'economia e del lavoro$3CFIV156625$zCNEL 791 02$aConsiglio nazionale dell'economia e del lavoro$3CFIV158538$zCNEL 791 02$aConseil national de l'économie et du travail$3CFIV134009$zCNEL 791 02$aEconomy and labour national council$3CFIV134731$zCNEL 791 02$aItalia$b : Consiglio nazionale dell'economia e del lavoro$3CFIV156625$zCNEL 791 02$aConsiglio nazionale dell'economia e del lavoro$3CFIV158538$zCNEL 801 3$aIT$bIT-000000$c19931104 850 $aIT-BN0095 $aIT-NA0452 912 $aTO00300567 950 2$aBiblioteca Centralizzata di Ateneo$c1 v.$d 01POZZO LIB.ECON MON 6043$e 0101 0700181665E VMA 1 v. (Precedente collocazione 18 EC 166)$fB $h20220530$i20220530 977 $a 01$a IS 996 $aCrescita ineguale, 1981-1991$91747054 997 $aUNISANNIO